[Event "ALG-chT"]
[Site "Staoueli"]
[Date "2014.08.25"]
[Round "7.2"]
[White "Abdelali, Abdallah"]
[Black "Belouadah, Saad"]
[Result "0-1"]
[WhiteElo "2004"]
[BlackElo "2320"]
[PlyCount "76"]
[EventDate "2014.08.22"]
[EventType "team-swiss"]
[EventRounds "9"]
[EventCountry "ALG"]
[SourceTitle "EXT 2016"]
[Source "ChessBase"]
[SourceDate "2015.10.08"]
[SourceVersion "1"]
[SourceVersionDate "2015.10.08"]
[SourceQuality "1"]
[WhiteTeam "Constantine ASEC"]
[BlackTeam "Alger ASSN"]
[WhiteTeamCountry "ALG"]
[BlackTeamCountry "ALG"]

1. e4 d6 2. f4 c5 3. Nc3 Nc6 4. Nf3 Bg4 5. Bb5 Qd7 6. 0-0 a6 7. Bxc6 Qxc6 8. d3 e6 9. Qe1 Bxf3 10. Rxf3 Nf6 11. f5 e5 12. Bg5 Nd7 13. Nd5 f6 14. Be3 Nb6 15. Nxb6 Qxb6 16. b3 Qc6 17. c4 Be7 18. a4 Rb8 19. Rf2 g6 20. Qd1 Qd7 21. Qg4 Bd8 22. Qh4 Rg8 23. Qg4 Rc8 24. Bd2 Rc6 25. b4 cxb4 26. Bxb4 Bb6 27. a5 Bxf2+ 28. Kxf2 Rg7 29. Kf3 h5 30. Qh4 Qf7 31. Qh3 gxf5 32. Qxf5 Rg5 33. Qh3 f5 34. exf5 d5 35. c5 Rcg6 36. Rf1 Qxf5+ 37. Qxf5 Rxf5+ 38. Ke2 Rxg2+ 0-1

[Event "ALG-chT"]
[Site "Algiers"]
[Date "2013.08.24"]
[Round "7.3"]
[White "Abdelali, Abdallah"]
[Black "Abdi, Zineb Dina"]
[Result "1/2-1/2"]
[WhiteElo "2014"]
[BlackElo "1917"]
[PlyCount "63"]
[EventDate "2013.08.21"]
[EventType "team-swiss"]
[EventRounds "9"]
[EventCountry "ALG"]
[SourceTitle "CBM 156 Extra"]
[Source "ChessBase"]
[SourceDate "2013.10.22"]
[SourceVersion "1"]
[SourceVersionDate "2013.10.22"]
[SourceQuality "1"]
[WhiteTeam "Constantine ASEC"]
[BlackTeam "Boloughine OMSE"]
[WhiteTeamCountry "ALG"]
[BlackTeamCountry "ALG"]

1. e4 e5 2. Bc4 Nc6 3. Nf3 Bc5 4. b4 Bxb4 5. c3 Ba5 6. d4 exd4 7. 0-0 Nf6 8. e5 d5 9. exf6 dxc4 10. Re1+ Be6 11. fxg7 Rg8 12. Ng5 Qd5 13. Rxe6+ fxe6 14. Qh5+ Kd7 15. Qf7+ Ne7 16. Nxh7 Qe5 17. Nf6+ Kd6 18. g3 Qe1+ 19. Kg2 Qxc1 20. Nd2 Qxa1 21. Nde4+ Kc6 22. Qxe6+ Kb5 23. a4+ Kxa4 24. Qxc4+ Ka3 25. Qc5+ Kb2 26. Qb5+ Kc2 27. Qe2+ Kc1 28. Qf1+ Kb2 29. Qb5+ Kc2 30. Qe2+ Kc1 31. Qf1+ Kb2 32. Qb5+ 1/2-1/2

[Event "ALG-chT"]
[Site "Algiers"]
[Date "2013.08.22"]
[Round "3.4"]
[White "Boulahouache, Djamel Eddine"]
[Black "Abdelali, Abdallah"]
[Result "1-0"]
[WhiteElo "2010"]
[BlackElo "2014"]
[PlyCount "28"]
[EventDate "2013.08.21"]
[EventType "team-swiss"]
[EventRounds "9"]
[EventCountry "ALG"]
[SourceTitle "CBM 156 Extra"]
[Source "ChessBase"]
[SourceDate "2013.10.22"]
[SourceVersion "1"]
[SourceVersionDate "2013.10.22"]
[SourceQuality "1"]
[WhiteTeam "Constantine CEA"]
[BlackTeam "Constantine ASEC"]
[WhiteTeamCountry "ALG"]
[BlackTeamCountry "ALG"]

1. d4 Nf6 2. c4 c5 3. d5 e6 4. Nc3 exd5 5. cxd5 d6 6. e4 g6 7. Bd3 Bg7 8. Nge2 a6 9. a4 0-0 10. 0-0 Nbd7 11. f4 Re8 12. h3 Qc7 13. Be3 c4 14. Bc2 Nc5 1-0

[Event "ALG-ch"]
[Site "Algiers"]
[Date "2013.05.03"]
[Round "8"]
[White "Bengherabi, Khalil"]
[Black "Abdelali, Abdallah"]
[Result "1-0"]
[WhiteElo "2106"]
[BlackElo "2112"]
[PlyCount "101"]
[EventDate "2013.04.27"]
[EventType "tourn"]
[EventRounds "9"]
[EventCountry "ALG"]
[SourceTitle "CBM 154 Extra"]
[Source "ChessBase"]
[SourceDate "2013.06.25"]
[SourceVersion "2"]
[SourceVersionDate "2013.06.25"]
[SourceQuality "1"]

1. e4 c6 2. Nf3 d5 3. Nc3 dxe4 4. Nxe4 Nd7 5. d4 Ngf6 6. Nxf6+ Nxf6 7. Bd3 Bg4 8. c3 e6 9. Bf4 Bd6 10. Bxd6 Qxd6 11. h3 Bh5 12. g4 Bg6 13. Ne5 Qd5 14. f3 Bxd3 15. Qxd3 Nd7 16. Nxd7 Qxd7 17. 0-0-0 0-0-0 18. Rhe1 h5 19. g5 Qd5 20. g6 Qxa2 21. gxf7 Qa1+ 22. Kc2 Qa4+ 23. Kb1 Rh6 24. Rg1 Rf8 25. Rxg7 Rf6 26. Rdg1 Qa5 27. R1g6 Qf5 28. Qxf5 Rxf5 29. Rxe6 Kd7 30. Re8 R8xf7 31. Rxf7+ Rxf7 32. Re5 Rxf3 33. Rxh5 Kc7 34. Ka2 Kb6 35. Kb3 a6 36. h4 Rh3 37. Ka4 Rh2 38. b4 Ka7 39. Rh7 Kb6 40. h5 Rh3 41. c4 Rh1 42. c5+ Ka7 43. d5 cxd5 44. c6 Rc1 45. Rxb7+ Ka8 46. b5 Rh1 47. b6 Rc1 48. Ra7+ Kb8 49. c7+ Kc8 50. Ra8+ Kd7 51. Rd8+ 1-0

[Event "ALG-ch"]
[Site "Algiers"]
[Date "2013.05.01"]
[Round "6"]
[White "Nassr, Ali"]
[Black "Abdelali, Abdallah"]
[Result "1-0"]
[WhiteElo "2050"]
[BlackElo "2112"]
[PlyCount "110"]
[EventDate "2013.04.27"]
[EventType "tourn"]
[EventRounds "9"]
[EventCountry "ALG"]
[SourceTitle "CBM 154 Extra"]
[Source "ChessBase"]
[SourceDate "2013.06.25"]
[SourceVersion "2"]
[SourceVersionDate "2013.06.25"]
[SourceQuality "1"]

1. e4 c6 2. d4 d5 3. exd5 cxd5 4. c4 Nf6 5. Nc3 g6 6. Nf3 Bg7 7. cxd5 0-0 8. Bc4 Na6 9. 0-0 Bg4 10. h3 Bf5 11. Bf4 Qb6 12. Qe2 Rac8 13. Bb3 Nb4 14. Rad1 Rcd8 15. d6 exd6 16. Bg5 d5 17. Ne5 Be6 18. Qf3 Bf5 19. a3 Be4 20. Qe3 Nc2 21. Bxc2 Bxc2 22. Rc1 Bb3 23. Nb1 Ba4 24. b4 Rc8 25. Nc3 Bb5 26. Rfe1 Rfe8 27. Bxf6 Bxf6 28. Nxd5 Rxc1 29. Nxb6 Rxe1+ 30. Qxe1 axb6 31. Qc3 Bxe5 32. dxe5 Bc6 33. f4 b5 34. g4 h6 35. f5 Kh7 36. Kf2 Rg8 37. Qb3 Rf8 38. f6 Kg8 39. Qe3 Kh7 40. e6 Bd5 41. e7 Re8 42. Qc5 Bc6 43. h4 Ra8 44. Qd6 Re8 45. Ke3 g5 46. h5 Kg8 47. Kd4 Kh7 48. Qd8 Kg8 49. Kc5 Kh7 50. Kd6 Rh8 51. Qxh8+ Kxh8 52. Kc7 Be8 53. Kd8 Bc6 54. e8Q+ Bxe8 55. Kxe8 Kg8 1-0

[Event "ALG-ch sf"]
[Site "Sidi Bel Abbes"]
[Date "2013.03.31"]
[Round "8"]
[White "Abdelali, Abdallah"]
[Black "Haddad, Oussama"]
[Result "1-0"]
[WhiteElo "2112"]
[BlackElo "2027"]
[PlyCount "82"]
[EventDate "2013.03.27"]
[EventType "swiss"]
[EventRounds "9"]
[EventCountry "ALG"]
[SourceTitle "CBM 153 Extra"]
[Source "ChessBase"]
[SourceDate "2013.04.22"]
[SourceVersion "1"]
[SourceVersionDate "2013.04.22"]
[SourceQuality "1"]

1. e4 c5 2. Nc3 Nc6 3. g3 g6 4. Bg2 Bg7 5. d3 e6 6. f4 d6 7. Nf3 Nge7 8. 0-0 0-0 9. Be3 Nd4 10. Rb1 Rb8 11. Ne2 Nec6 12. c3 Nxf3+ 13. Bxf3 e5 14. f5 gxf5 15. exf5 Ne7 16. g4 Qc7 17. Ng3 d5 18. Qd2 Qd6 19. Nh5 Kh8 20. Bg2 Ng8 21. Nxg7 Kxg7 22. f6+ Kh8 23. g5 Bg4 24. Qf2 Rbc8 25. Bd2 c4 26. dxc4 Rxc4 27. b3 Rc7 28. Rbe1 Re8 29. Qh4 Be6 30. Bh3 Bxh3 31. Qxh3 Qd7 32. Qh5 Re6 33. Rf3 e4 34. Rh3 h6 35. Rf1 e3 36. Rxe3 Rxe3 37. Bxe3 Rxc3 38. g6 fxg6 39. Qxg6 Rc6 40. Bd4 Nxf6 41. Bxf6+ Rxf6 1-0

[Event "ALG-ch sf"]
[Site "Sidi Bel Abbes"]
[Date "2013.03.29"]
[Round "5"]
[White "Kahmane, Toufik"]
[Black "Abdelali, Abdallah"]
[Result "1-0"]
[WhiteElo "1791"]
[BlackElo "2112"]
[PlyCount "73"]
[EventDate "2013.03.27"]
[EventType "swiss"]
[EventRounds "9"]
[EventCountry "ALG"]
[SourceTitle "CBM 153 Extra"]
[Source "ChessBase"]
[SourceDate "2013.04.22"]
[SourceVersion "1"]
[SourceVersionDate "2013.04.22"]
[SourceQuality "1"]

1. e4 c6 2. d4 d6 3. Bc4 Nf6 4. Nc3 Qa5 5. f3 e5 6. Nge2 Be7 7. 0-0 0-0 8. Kh1 b5 9. Bd3 b4 10. Nb1 c5 11. dxc5 dxc5 12. Nd2 Nc6 13. Nc4 Qc7 14. Qe1 Be6 15. Ne3 Nd4 16. c4 Nd7 17. b3 a5 18. Nxd4 exd4 19. Nd5 Qd8 20. f4 f6 21. Bd2 Bf7 22. Qg3 Bd6 23. Rae1 Qb8 24. Qh4 g6 25. Nxf6+ Nxf6 26. Qxf6 Qc7 27. Qh4 Be7 28. Qg4 Kh8 29. Qh3 Qc8 30. f5 gxf5 31. Qg3 Qc6 32. exf5 Bd6 33. Qh4 Bg8 34. Be4 Qe8 35. Bxa8 Qxa8 36. Bg5 Kg7 37. Qh6+ 1-0

[Event "Algiers Ameyar Memorial-B 11th"]
[Site "Algiers"]
[Date "2012.11.20"]
[Round "8"]
[White "Seddaoui, Yamine"]
[Black "Abdelali, Abdallah"]
[Result "1-0"]
[WhiteElo "2030"]
[BlackElo "1792"]
[PlyCount "55"]
[EventDate "2012.11.16"]
[EventType "swiss"]
[EventRounds "9"]
[EventCountry "ALG"]
[SourceTitle "EXT 2019"]
[Source "ChessBase"]
[SourceDate "2018.10.10"]
[SourceVersion "1"]
[SourceVersionDate "2018.10.10"]
[SourceQuality "1"]

1. e4 c6 2. Nc3 d5 3. Nf3 dxe4 4. Nxe4 Nd7 5. Bc4 e6 6. Qe2 Ngf6 7. Neg5 Nd5 8. 0-0 Be7 9. d4 0-0 10. Re1 h6 11. Nh3 Re8 12. Bb3 a5 13. c4 N5f6 14. Nf4 a4 15. Bc2 Bb4 16. Rd1 Bd6 17. Ne5 Qc7 18. Re1 c5 19. Nh5 Nxh5 20. Qxh5 Nxe5 21. dxe5 Bf8 22. Qg4 Kh8 23. Re3 Qe7 24. Rh3 Kg8 25. Bxh6 f5 26. exf6 Qxf6 27. Bh7+ Kf7 28. Rf3 1-0

[Event "Algiers Ameyar Memorial-B 11th"]
[Site "Algiers"]
[Date "2012.11.17"]
[Round "3"]
[White "Abdelali, Abdallah"]
[Black "Kadiri, Mustapha Kamel"]
[Result "0-1"]
[WhiteElo "1792"]
[BlackElo "1841"]
[PlyCount "88"]
[EventDate "2012.11.16"]
[EventType "swiss"]
[EventRounds "9"]
[EventCountry "ALG"]
[SourceTitle "EXT 2019"]
[Source "ChessBase"]
[SourceDate "2018.10.10"]
[SourceVersion "1"]
[SourceVersionDate "2018.10.10"]
[SourceQuality "1"]

1. e4 e5 2. Nc3 g6 3. Bc4 Bg7 4. d3 Nf6 5. f4 d6 6. Nf3 Nbd7 7. 0-0 0-0 8. Qe1 c6 9. Qh4 b5 10. Bb3 a5 11. a4 b4 12. Ne2 Qc7 13. f5 gxf5 14. Bh6 Bxh6 15. Qxh6 Ng4 16. Qh4 Qd8 17. Ng5 h6 18. Rxf5 Ndf6 19. Ng3 Qb6+ 20. Kf1 Bxf5 21. Nxf5 Qf2+ 22. Qxf2 Nxf2 23. Nxf7 N2g4 24. N7xh6+ Kh7 25. Nxg4 Nxg4 26. Ke2 Rad8 27. Be6 Rf6 28. Bb3 Nh6 29. Nxh6 Kxh6 30. Rf1 Rdf8 31. Rxf6+ Rxf6 32. Bc4 Kg5 33. Ba6 Rh6 34. h3 Kh4 35. Bc8 Kg3 36. Kf1 d5 37. Bf5 Rf6 38. b3 dxe4 39. dxe4 Rd6 40. Ke2 Kxg2 41. Bg4 Kg3 42. Ke3 c5 43. Ke2 Rd4 44. Bf5 c4 0-1

[Event "Algiers Ameyar Memorial-B 11th"]
[Site "Algiers"]
[Date "2012.11.17"]
[Round "4"]
[White "Benabadji, Abderahmane"]
[Black "Abdelali, Abdallah"]
[Result "1/2-1/2"]
[WhiteElo "2023"]
[BlackElo "1792"]
[PlyCount "165"]
[EventDate "2012.11.16"]
[EventType "swiss"]
[EventRounds "9"]
[EventCountry "ALG"]
[SourceTitle "EXT 2019"]
[Source "ChessBase"]
[SourceDate "2018.10.10"]
[SourceVersion "1"]
[SourceVersionDate "2018.10.10"]
[SourceQuality "1"]

1. e4 c6 2. d4 d5 3. Nc3 dxe4 4. Nxe4 Bf5 5. Ng3 Bg6 6. h4 h6 7. h5 Bh7 8. Nf3 Nd7 9. Bd3 Bxd3 10. Qxd3 e6 11. Bd2 Ngf6 12. 0-0-0 Qc7 13. Kb1 0-0-0 14. Qe2 Bd6 15. Ne4 Nxe4 16. Qxe4 c5 17. dxc5 Nxc5 18. Qc4 Nd7 19. Qxc7+ Bxc7 20. Bc3 Nf6 21. Bxf6 gxf6 22. c3 Rxd1+ 23. Rxd1 Rg8 24. g3 f5 25. Kc2 Rd8 26. Rxd8+ Kxd8 27. Kd3 Ke7 28. Ke2 Kf6 29. c4 e5 30. b4 Bb6 31. c5 Bd8 32. Nd2 Ke6 33. Nc4 Bc7 34. Ne3 e4 35. Nc4 f4 36. gxf4 Bxf4 37. Ne3 f5 38. Nc4 Bc7 39. Kd2 f4 40. Kc3 Kd5 41. a3 b6 42. cxb6 axb6 43. a4 Bd8 44. Na3 Bf6+ 45. Kd2 Bd4 46. Ke2 Bc3 47. Nb5 Bxb4 48. Nc7+ Ke5 49. Nb5 Bc5 50. Nc7 Kf5 51. f3 e3 52. Kd3 Ke5 53. Nb5 Kf5 54. Nc7 Kf6 55. Ke2 Ke5 56. Kd3 e2 57. Kxe2 Kd4 58. Ne6+ Kc4 59. Nxf4 Kb3 60. Nd3 Bd6 61. f4 Kxa4 62. f5 Kb3 63. Kd2 Kc4 64. Nf2 Kd4 65. Kc2 Bf8 66. Nd1 Ke4 67. f6 Kf4 68. Nc3 Kg5 69. Nd5 b5 70. Nc7 Kxh5 71. Nxb5 Kg4 72. Nd4 h5 73. Kd3 h4 74. Ke2 Bc5 75. Nf3 h3 76. f7 Kg3 77. Nd2 Bf8 78. Nf1+ Kg2 79. Ne3+ Kg1 80. Ng4 Bc5 81. Kf3 Bd6 82. f8Q Bxf8 83. Kg3 1/2-1/2